000 00644nam a2200277Ia 4500
005 20260324143747.0
008 008 260324s9999 xx 000 0 eng d
020 _a9780429310409
037 _aEBOOK
040 _aCRL
040 _beng
040 _cCRL
041 _2eng
041 _aeng
084 _qCRL
100 _aAsher Arian; Michal Shamir
_91216824
245 4 _aThe Elections In Israel--1988
260 _bTaylor and Francis
260 _c1990
365 _a
365 _b145
856 _uhttp://www.taylorfrancis.com/books/9780429310409
942 _cEBOOK
999 _c1822616
_d1822616